Miasta w woj. śląskim - nagła śmierć - Statystyki

Ogólne statystyki
  • Ten quiz został rozwiązany 189 razy
    112 od ostatniego zresetowania
  • Średni wynik to 17 z 40
Answers on the Grid
Answers color-coded by a green-red scale on the quiz's grid according to % correct below.
Katowice
Jaworzno
Mysłowice
Sosnowiec
Dąbrowa Górnicza
Siemianowice Śląskie
Chorzów
Świętochłowice
Ruda Śląska
Zabrze
Gliwice
Bytom
Piekary Śląskie
Tychy
Mikołów
Bieruń
Lędziny
Knurów
Tarnowskie Góry
Będzin
Zawiercie
Orzesze
Częstochowa
Lubliniec
Myszków
Kłobuck
Rybnik
Żory
Jastrzębie-Zdrój
Bielsko-Biała
Racibórz
Pszczyna
Czechowice-Dziedzice
Żywiec
Szczyrk
Cieszyn
Wodzisław Śląski
Wilamowice
Czeladź
Szczekociny
Kędzierzyn-Koźle
Środa Śląska
Oświęcim
Chrzanów
Olkusz
Radomsko
Wadowice
Brzesko
Bytom Odrzański
Bytów
Myślenice
Olesno
Pajęczno
Sędziszów
Żary
Wieluń
Ząbkowice Śląskie
Niepołomice
Zakopane
Kęty
 
Statystyki odpowiedzi
Odpowiedź % Poprawnych
Dąbrowa Górnicza
62%
Tychy
62%
Rybnik
60%
Chorzów
57%
Mysłowice
57%
Piekary Śląskie
57%
Bytom
55%
Jaworzno
52%
Zabrze
52%
Ruda Śląska
50%
Wodzisław Śląski
50%
Bielsko-Biała
48%
Gliwice
48%
Siemianowice Śląskie
48%
Sosnowiec
48%
Częstochowa
45%
Jastrzębie-Zdrój
45%
Tarnowskie Góry
45%
Żywiec
45%
Cieszyn
43%
Czeladź
43%
Katowice
43%
Racibórz
43%
Świętochłowice
43%
Będzin
40%
Żory
40%
Czechowice-Dziedzice
38%
Pszczyna
38%
Zawiercie
36%
Knurów
33%
Mikołów
33%
Bieruń
29%
Szczyrk
29%
Lubliniec
24%
Myszków
24%
Orzesze
24%
Lędziny
21%
Szczekociny
17%
Wilamowice
17%
Kłobuck
12%
Nie znaleziono quizów pasujących do podanych kryteriów
Rozkład punktacji
Procent ludzi z każdym wynikiem
Percentyl według liczby udzielonych odpowiedzi
Twoja historia wyników
Nie rozwiązałeś tego quizu od ostatniego zresetowania